Cassava processing of peam me treiy agricultire development cooperative in romeashek district, svay rieng province, ការកែច្នៃដំឡូងមីរបស់សហគមន៍អភិវឌ្ឍន៍កសិកម្មពាមមេត្រី ក្នុងស្រុករមាសហែក ខេត្តស្វាយរៀង (Record no. 7673)

000 -LEADER
fixed length control field 00716nam a22001457a 4500
003 - CONTROL NUMBER IDENTIFIER
control field OSt
005 - DATE AND TIME OF LATEST TRANSACTION
control field 20160321091832.0
008 - FIXED-LENGTH DATA ELEMENTS--GENERAL INFORMATION
fixed length control field 160321b xxu||||| |||| 00| 0 eng d
040 ## - CATALOGING SOURCE
Transcribing agency RUA
082 ## - DEWEY DECIMAL CLASSIFICATION NUMBER
Classification number AGR LEN 2007 B470 Or.1
100 ## - MAIN ENTRY--PERSONAL NAME
9 (RLIN) 8072
Personal name LENG PISETH; ឡេង ពិសិដ្ឋ
245 ## - TITLE STATEMENT
Title Cassava processing of peam me treiy agricultire development cooperative in romeashek district, svay rieng province, ការកែច្នៃដំឡូងមីរបស់សហគមន៍អភិវឌ្ឍន៍កសិកម្មពាមមេត្រី ក្នុងស្រុករមាសហែក ខេត្តស្វាយរៀង
300 ## - PHYSICAL DESCRIPTION
Extent x,46p.
Other physical details ill.
Dimensions 29cm.
942 ## - ADDED ENTRY ELEMENTS (KOHA)
Source of classification or shelving scheme
Koha item type AGR
Holdings
Price effective from Date last seen Permanent Location Not for loan Date acquired Source of classification or shelving scheme Koha item type Lost status Withdrawn status Total Renewals Date last checked out Total Checkouts Shelving location Damaged status Barcode Current Location Full call number
2016-03-212019-08-07Library Block B 2016-03-21 AGR  12019-03-183B470 RUA058229Library Block BAGR LEN 2007 B470 Or.1
មជ្ឈមណ្ឌលឯការនៃសាកលវិទ្យាល័យភូមិន្ទកសិកម្មចំការដូង

Powered by Koha